00592nam a2200193Ia 4500008004100000040001400041082002000055100001700075245002200092260002900114300001700143365002800160366000800188505002200196530003000218620010600248630002200354730002200376100315s9999 xx 000 0 und d cENGLISH  b7733 a332.9  a"Jog, V.M. " aSecurity In Banks aPUNE bAnand  c1992  a"vii,267  " eRupees d1 b200.00  f0  gVaibhav Gaikwad  bDonated By RBI Library   a"Security in Banks, Bank Security, Security Planning, Security Devices, Legal Aspects of Security, " aSecurity In Banks aSecurity In Banks